KOHA-Header-6

Finance of Foreign Trade And Foreign Exchange (Record no. 10120)

000 -LEADER
fixed length control field 00293nam a2200109Ia 4500
100 ## - MAIN ENTRY--AUTHOR NAME
Personal name Dr. Asrar . H. Siddiqi
245 #0 - TITLE STATEMENT
Title Finance of Foreign Trade And Foreign Exchange
260 ## - PUBLICATION, DISTRIBUTION, ETC. (IMPRINT)
Place of publication Karachi
Name of publisher Royal Book
Year of publication 2003
300 ## - PHYSICAL DESCRIPTION
Number of Pages 1067
942 ## - ADDED ENTRY ELEMENTS (KOHA)
Koha item type Books
Holdings
Withdrawn status Lost status Permanent Location Current Location Date acquired Full call number Accession Number Koha item type
    MAJU MAJU 2019-09-14 658.15 6226 Books

Powered by Koha